Język Angielski 18 - Statystyki

Ogólne statystyki
  • Ten quiz został rozwiązany 19 razy
  • Średni wynik to 7 z 105
Statystyki odpowiedzi
Numer
Po Polsku Po Angielsku % Poprawnych
1. bagaż luggage
85%
2 3. metro underground
46%
1 9. lądować land
38%
4 1. paszport passport
38%
8. furgonetka van
38%
2 0. lizać lick
31%
4 6. pilot pilot
31%
3 6. opóźniony delayed
23%
4 0. pasażer / pasażerka passenger
23%
4. chodnik pavement
23%
7 0. ruch uliczny traffic
23%
5 9. pojazd vehicle
23%
1 1. hamować brake
15%
4 4. pieszy pedestrian
15%
4 2. peron platform
15%
1 6. jeździć rowerem / motocyklem ride a bike
15%
3 5. ograniczenie prędkości speed limit
15%
1 8. korek uliczny traffic jam
15%
7. długa podróż morska lub kosmiczna voyage
15%
6 2. porzucić abandon
8%
2 4. mieć chorobę morską be seasick
8%
1 0 1. zepsuć się break down
8%
3 3. odwołać lot cancel a flight
8%
1 4. jechać autobusem go by bus
8%
3 9. pas jezdni lane
8%
2 6. miejsce parkingowe parking space
8%
1 0 4. znaki drogowe road signs
8%
7 2. schronienie shelter
8%
8 9. tonąć sink
8%
7 7. stacja / dworzec station
8%
9 1. walizka suitcase
8%
8 0. startować take off
8%
8 4. sygnalizacja świetlna traffic lights
8%
5 2. podróżować dookoła świata travel around the world
8%
2 7. miejsce przy oknie window seat
8%
1 0 5. zostać potrąconym be knocked down
0%
4 7. planować / finanse budget
0%
3 4. odwołanie lotu cancellation
0%
9 8. wypadek samochodowy car crash
0%
6 7. przeprawa crossing
0%
5 8. podwójnie zarezerwowany double - booked
0%
4 3. pieniądze na wypadek sytuacji awaryjnej emergency cash
0%
6. dane kontaktowe w sytuacji awaryjnej emergency information
0%
2 8. napotkać encounter
0%
3 7. opłata za nadbagaż excess luggage fee
0%
7 4. spaść z roweru fall off a bike
0%
1 0 0. zatrucie pokarmowe food poisoning
0%
8 6. ślady stóp footprints
0%
9 3. wsiadać do samolotu get on the plane
0%
4 9. płynąć łodzią go by boat
0%
2 2. lecieć samolotem go by plane
0%
5 6. podróżować koleją / pociągiem go by rail
0%
5 4. podróżować drogą morską go by sea
0%
5 7. podróżować koleją / pociągiem go by train
0%
9 4. wybrać się na przejażdżkę go for a ride
0%
9 6. wyruszyć w rejs go on a cruise
0%
9 5. wybrać się na wycieczkę go on an excursion
0%
1 3. iść pieszo go on food
0%
6 6. przejść odprawę celną go through customs
0%
5 1. podręczny bagaż hand luggage
0%
2 5. mieć problemy techniczne have technical problems
0%
7 3. skierować się do head to
0%
8 7. środek na owady insect repellent
0%
1 0 3. zmęczenie spowodowane zmianą stref czasowych podczas podróży jet lag
0%
3 1. odlecieć jet off
0%
4 5. pilnować bagażu keep an eye on your belongings
0%
7 9. stracić kontrolę nad pojazdem lose control of a vehicle
0%
1 0 2. zgubić dokumenty podróżne lose travel documents
0%
7 8. stały ląd / kontynent mainland
0%
8 8. środek transportu means of transport
0%
6 0. pomoc medyczna medical treatment
0%
7 5. spóźnić się na autobus / pociąg miss the bus / train
0%
7 6. spóźnić się na lot / samolot miss the flight / plane
0%
3 0. obsługa na pokładzie samolotu on - board service
0%
8 1. strefa ruchu pieszego pedestrian zone
0%
3 2. odprawa priorytetowa priority check - in
0%
1 2. helikopter ratunkowy rescue helicopter
0%
3 . bilet w obie strony return ticket
0%
9 7. wypadek drogowy road accident
0%
4 8. plecak rucksack
0%
9. godziny szczytu rush / peak hour
0%
6 3. przekręt scam
0%
2 . bilet w jedną stronę single ticket
0%
7 1. sączyć / popijać sip
0%
5. czerwone światło stop light
0%
9 9. zaopatrzenie / zapasy supplies
0%
1 0. gwałtownie zjechać z drogi swerve across the road
0%
6 1. postój taksówek taxi rank
0%
1 7. kasa biletowa ticket office
0%
6 9. rozkład jazdy / rozkład lotów timetable
0%
6 8. przewodnik / przewodniczka tourist guide
0%
8 5. ślad trace
0%
2 9. natężenie ruchu traffic congestion
0%
8 2. szlak trail
0%
3 8. oznakowanie szlaku trail markings
0%
6 4. przejazd transfer
0%
5 0. płynąć łodzią travel by boat
0%
1 5. jechać autobusem travel by bus
0%
2 1. lecieć samolotem travel by plane
0%
5 5. podróżować koleją / pociągiem travel by rail / train
0%
5 3. podróżować drogą morską travel by sea
0%
9 0. turbulencje turbulence
0%
8 3. szczpienia vaccinations
0%
9 2. wędrować wander
0%
6 5. przejście dla pieszych zebra crossing
0%
Nie znaleziono quizów pasujących do podanych kryteriów
Rozkład punktacji
Procent ludzi z każdym wynikiem
Percentyl według liczby udzielonych odpowiedzi
Twoja historia wyników
Nie rozwiązałeś tego quizu